Statistics for Nintendo Presidents

Click here to take the quiz!

General Stats

  • This quiz has been taken 39 times
    (34 since last reset)
  • The average score is 4 of 13

Answer Stats

Years as PresidentPresident of:President% Correct
2019-NowAmericaDoug Bowser
93%
2002-2015GlobalSatoru Iwata
76%
2006-2019AmericaReggie Fils-Aime
62%
1889-1929GlobalFusajiro Yamauchi
45%
1949-2002GlobalHiroshi Yamauchi
45%
1929-1949GlobalSekiryo Yamauchi
45%
2018-NowGlobalShuntaro Furukawa
24%
2000-2018EuropeSatoru Shibata
14%
2015-2018GlobalTatsumi Kimishima
7%
2002-2006AmericaTatsumi Kimishima
7%
Date not specifiedKoreaHiroyuki Fukuda
3%
1980-2002AmericaMinoru Arakawa
3%
2018-NowEuropeStéphan Bole
3%

Score Distribution

Percentile by Number Answered

Percent of People with Each Score

Your Score History

You have not taken this quiz since the last reset